Guess The Kanye Song By The First Line - Statistics

General Stats
  • This quiz has been taken 24 times
  • The average score is 7 of 20
Answer Stats
Hint Answer % Correct
"And You Say Chi' City" Homecoming
84%
"Diamonds Are Forever" Diamonds From Sierra Leone
74%
"Damn, Here we go again." Everything I Am
68%
"And I always find something wrong" Runaway
63%
"Strange Fruit hanging, from the poplar tree" Blood on the Leaves
53%
"Everything that hath breath, Praise the Lord" God Is
53%
"Oh yeah, I got the perfect song for the kids to sing" We Don't Care
53%
"You say that you never saw this comin', well you're not alone." 30 Hours
32%
"Yeezy, Yeezy, Yeezy just jumped over jumpman" Facts
32%
"Aye, ya heard about the good news?" Feedback
32%
"See this in 3D, all lights out for me" Hurricane
32%
"Why would she make calls out the blue?" Say You Will
32%
"Now where the South Side?" The Glory
26%
"It's been a long time coming" Beauty and the Beast
21%
"Do it stay waxed, Do it smell fresh?" DO IT
21%
"I don't feel that she's mine enough" Wouldn't Leave
21%
"You had no idea what ya dealing with" That's My Bitch
11%
"All eyes is on me" Vultures
11%
"Find my back in the cold, Trapped in another soul" Cudi Montage
5%
"Wished I had told, Was the only One" Gone
5%
No matching quizzes found
Score Distribution
Percent of People with Each Score
Percentile by Number Answered
Your Score History
You have not taken this quiz